| 000 | 00820cam a22002171 4500 | ||
|---|---|---|---|
| 001 | sa 68018978 | ||
| 003 | DLC | ||
| 005 | 20260227112716.0 | ||
| 008 | 901011s1961 ii a 000 0 eng | ||
| 010 | _asa 68018978 | ||
| 020 | _cRs10.00 | ||
| 040 |
_aDLC _cDLC _dDLC |
||
| 050 | 0 | 0 |
_aSD431.5 _b.B54 |
| 110 | 1 |
_aBihar (India). _bForest Department. _bWorking Plans Division. _bSouthern Circle. |
|
| 245 | 1 | 0 |
_aRevised working plan for the forests of Porahat Division for the period 1953-54 to 1962-63. _cPrepared by J.N. Sinha, Working Plans Officer, Southern Circle, Bihar. |
| 260 |
_aPatna, _bPrinted by the Superintendent, Secretariat Press, Bihar, _c1961. |
||
| 300 |
_axii, 367 p. _billus. _c25 cm. |
||
| 500 | _aCover title. | ||
| 650 | 0 |
_aForest management _zIndia _zBihar. |
|
| 700 | 1 |
_aSinha, Jogendra Nath, _d1903- |
|
| 999 |
_c88749 _d88749 |
||